Demonstrate Image Processing by Overlap Add (ORLA) Method and Show it on a Bank of Images Including a Thermal Image after Capturing it From IR System (Record no. 326734)
[ view plain ]
| 000 -LEADER | |
|---|---|
| fixed length control field | 00475 a2200133 4500 |
| 001 - CONTROL NUMBER | |
| control field | 91661 |
| 082 ## - DEWEY DECIMAL CLASSIFICATION NUMBER | |
| Classification number | PR 1629 |
| 090 ## - LOCALLY ASSIGNED LC-TYPE CALL NUMBER (OCLC); LOCAL CALL NUMBER (RLIN) | |
| -- | 43821 |
| -- | 43820 |
| 100 ## - MAIN ENTRY--PERSONAL NAME | |
| Personal name | Samar Ahmed Ali; Prof Tahir M Khalid and Ayub, Advisors |
| 245 ## - TITLE STATEMENT | |
| Title | Demonstrate Image Processing by Overlap Add (ORLA) Method and Show it on a Bank of Images Including a Thermal Image after Capturing it From IR System |
| Number of part/section of a work | 51 "B" EC |
| 260 ## - PUBLICATION, DISTRIBUTION, ETC. | |
| Place of publication, distribution, etc. | Rawalpindi |
| Name of publisher, distributor, etc. | NUST |
| Date of publication, distribution, etc. | 1999 |
| 300 ## - PHYSICAL DESCRIPTION | |
| Extent | 150p |
| 500 ## - GENERAL NOTE | |
| General note | BE Project Reports |
| 942 ## - ADDED ENTRY ELEMENTS (KOHA) | |
| Institution code [OBSOLETE] | CAE NUST |
| Call number prefix | PR 1629 |
| Withdrawn status | Lost status | Damaged status | Not for loan | Collection code | Permanent Location | Current Location | Date acquired | Total Checkouts | Full call number | Barcode | Date last seen | Price effective from | Koha item type |
|---|---|---|---|---|---|---|---|---|---|---|---|---|---|
| College of Aeronautical Engineering (CAE) | College of Aeronautical Engineering (CAE) | 04/03/2017 | PR 1629 | CAEPR-1629 | 04/05/2017 | 04/05/2017 | Book |
